Data processing

Salvato in:
Dettagli Bibliografici
Natura: Periodico
Lingua:inglese
Pubblicazione: London IPC Electrical-Electronic Press
Tags: Aggiungi Tag
Nessun Tag, puoi essere il primo ad aggiungerne!!

MARC

LEADER 00000nas1a2200000 4500
001 0010290
005 20250730114819.7
022 |a 0011-684X 
041 0 |a eng 
044 |a GB 
245 1 0 |a Data processing 
264 1 |a London  |b IPC Electrical-Electronic Press